000 00697nam a2200145Ia 4500
008 150609s9999 xx 000 0 und d
050 _aRC 629
_b.B368 2015
100 _aBantoc, Hend B.
245 3 _aAn in vivo utilization of plantago major linn (lanting) leaf extract as am alternative therapeutic treatment for hyperuricemia in rattus norvegicus /
_cHend B. Bantoc, Erika Elaine L. Bracewell, Christina R. Camacho, Louise Anne M. Friginal, Tanya Rose F. Untalan .
260 _aLas PiƱas, Philippines :
_bSISC,
_c2015.
300 _a114 pages :
_billustrations ;
_c28 cm.
500 _aIncludes bibliographical references and appendices.
650 _aHyperuricemea
650 _xTherapeutic
999 _c285022
_d285022